000 00603nam a22001817a 4500
005 20251108164312.0
008 250721s1991 xx 000 0 ara d
082 1 4 _a355.3432/ستر
100 1 _aستروفسكي، فيكتور
245 1 0 _aبطريق الخداع :
_bاعترافات ضابط مخابرات إسرائيلي سابق /
264 1 _aالقاهرة :
_bدار سنفكسي للطباعة والنشر،
_c1991.
300 _a236ص
650 1 7 _aالموساد
700 1 _aهوى، كلير
700 1 _aمشرقي، صبحي
_eترجمة
942 _2ddc
_cBK
999 _c8807
_d8807